| 000 | 00443nam a2200169Ia 4500 | ||
|---|---|---|---|
| 008 | 230524s9999 xx 000 0 und d | ||
| 082 |
_a621.382 _bFRA |
||
| 100 | _aGene F.Franklin | ||
| 245 | 0 | _aDigital Control of Dynamic Systems | |
| 250 | _a3RD | ||
| 260 |
_aNEW DELHI _bPearson _c2005 |
||
| 300 | _aXVII;755 | ||
| 500 | _aQuantity Number: 20 | ||
| 650 | _aElectrical | ||
| 700 | _a" J.David Powell, Michael Workman,,," | ||
| 942 | _cBK | ||
| 999 |
_c36016 _d36016 |
||